Best Actress Oscar Winners by Photo (1939-1928) - Statistics

General Stats
  • This quiz has been taken 325 times
  • The average score is 6 of 10
Answer Stats
Picture Hint Answer % Correct
1933 Morning Glory Katharine Hepburn
97%
1939 Gone With the Wind Vivien Leigh
91%
1938/1935 Jezebel/Dangerous Bette Davis
88%
1934 It Happened One Night Claudette Colbert
67%
1929 Coquette Mary Pickford
53%
1928 Seventh Heaven/Street Angel/Sunrise Janet Gaynor
45%
1937/1936 The Good Earth/The Great Ziegfeld Luise Rainer
45%
1930 The Divorcee Norma Shearer
39%
1931 Min and Bill Marie Dressler
36%
1932 The Sin of Madelon Claudet Helen Hayes
35%
No matching quizzes found
Score Distribution
Percent of People with Each Score
Percentile by Number Answered
Your Score History
You have not taken this quiz